00452nam a2200157 450000500170000001000150001702000250003203500140005703700130007108200120008410000170009624500510011326000450016427000650020930000200027420190313161001.0 aENG-124881 a978380200460c499.00 aEN-108413 bDBAD/PUB a332.024 aPandya,Arnav aSetting the righ financia goals/bPandya,Arnav aNew DelhibTV 18 Broadcast Ltd, c(201?) a507, Prabhat Kiran , 17, Rajendra Place, bNew Delhie110008 a289p.c21cm(Hb)